000 00616cam a22002293a 4500
001 6454
003 PGUSA
005 20140828083133.0
008 040901s2004||||xxu|||||s|||||000 1 eng d
040 _aPGUSA
_beng
042 _adc
050 4 _aPS
100 1 _aMoodie, Susanna,
_d1803-1885
245 1 0 _aGeorge Leatrim
_h[electronic resource] /
_cSusanna Moodie
260 _bProject Gutenberg,
_c2004
506 _aPublic domain in the USA.
516 _aElectronic text
653 _aReligious fiction
830 0 _aProject Gutenberg
_v6454
856 4 0 _uhttp://www.gutenberg.org/ebooks/6454
942 _cEB
999 _c235777
_d235777